|
|
|
|
| LEADER |
00942nam a2200229 a 4500 |
| 001 |
1526589 |
| 008 |
900622s1991 enka b 001 0 eng d |
| 010 |
|
|
|a 90041404
|
| 020 |
|
|
|a 0077073312 :
|c £18.95
|
| 040 |
|
|
|a DLC
|c DLC
|d DLC
|
| 082 |
0 |
0 |
|a 658.3/12404
|2 20
|
| 100 |
1 |
|
|a Bramley, Peter,
|d 1934-
|
| 245 |
1 |
0 |
|a Evaluating training effectiveness :
|b translating theory into practice /
|c Peter Bramlay.
|
| 260 |
|
|
|a London ;
|a New York :
|b McGraw-Hill Book Co.,
|c c1991.
|
| 300 |
|
|
|a xv, 144 p. :
|b ill. ;
|c 25 cm.
|
| 490 |
|
0 |
|a McGraw-Hill training series
|
| 504 |
|
|
|a Includes bibliographical references (p. [139]-142) and index.
|
| 541 |
1 |
|
|e 00005348
|
| 650 |
|
0 |
|a Employees
|x Training of
|x Evaluation.
|
| 852 |
4 |
|
|a Ayesha Abed Library
|j General Shelf.
|
| 999 |
|
|
|c 4942
|d 4942
|
| 952 |
|
|
|0 0
|1 0
|2 ddc
|4 0
|6 658_312404000000000_BRA_1991
|7 0
|9 4759
|a BRACUL
|b BRACUL
|c GEN
|d 2009-10-29
|g 330.00
|l 0
|o 658.312404 BRA
|p 3010005348
|r 2009-10-29
|t 1
|v 660.00
|w 2009-10-29
|y BK
|